00606nam a2200145Ia 4500003000900000005001700009008004100026040002800067110006300095245011200158260008000270300004600350504002400396650004000420DO-SdBJH20180416035322.0180414s9999 dr 000 0 spa d aDO-SdBJHbspacDO-SdBJH aInstituto de Cooperación para la Seguridad Hemisférica10aFM 100-15 Operaciones del cuerpo de Ejército / Instituto de Cooperación para la Seguridad Hemisférica aFuerte Benning, Georgia : Cuartel General Secretaría del Ejército, 1996 axii, 337 páginas en varias paginaciones aIncluye apéndices 4aOperaciones -- Cuerpo de ejército